00838nam a2200253 i 4500001000300000003000400003005001700007008003900024040000800063041000800071080001000079080000800089080000900097100004600106245012200152260005000274300005400324650001500378655001700393856009700410942001200507999001500519952005000534bgBPK20201123124700.0070707s1967 pl f |000 0 pol cBPK apol a628.1 a696 a(07)1 aGabryszewski, Tadeuszd(1906-1995)eAutor 0aWodociągi :bzapotrzebowanie - ujęcie - dostarczanie - gromadzenie - rozprowadzanie wody /cTadeusz Gabryszewski. aWrocław :b[Państw. Wydawn. Nauk.],c1967. as. 574 :berr., rys., tab., tabl. [w tym] nlb. 5. 4aWodociąg 4aPodręcznik uhttp://koha.tu.koszalin.pl/cgi-bin/koha/opac-detail.pl?biblionumber=7747yKatalog online BPK cKS2UKD c7747d7747 00104070aBPKbBPKcwoP 1510p09102576yKS